Islamic law in Malaysia : Issues and developments

Bibliographic Details
Main Author: MOHAMMAD Hashim Kamali
Format: Book
Published: Kuala Lumpur : Ilmiah Pub. , 2000
Subjects:

MARC

LEADER 00000cam a2200000 7i4500
001 0000001166
005 20140116.0
020 0 0 |a 9832092272 
090 0 0 |a 340.5909595   |b MOH 2000 
100 0 0 |a MOHAMMAD Hashim Kamali 
245 1 0 |a Islamic law in Malaysia :   |b Issues and developments   |c Mohammad Hashim Kamali 
260 0 0 |a Kuala Lumpur :   |b Ilmiah Pub. ,   |c 2000 
300 |a 352 p. ;   |c 22 cm. 
500 0 0 |a Bibliography : [p.335-344] and index 
650 0 0 |a Islamic law   |z Malaysia 
998 |a JPSM 
999 |a 0000002111   |b Monograph   |c Open Shelf   |e Default branch